Physical Chemistry (Record no. 835)

MARC details
000 -LEADER
Fixed length control field 00502nam a2200193 4500
003 - CONTROL NUMBER IDENTIFIER
Control field SEACOMEC
005 - DATE AND TIME OF LATEST TRANSACTION
Control field 20240322113053.0
008 - FIXED-LENGTH DATA ELEMENTS--GENERAL INFORMATION
Fixed length control field 240322b |||||||| |||| 00| 0 eng d
020 ## - INTERNATIONAL STANDARD BOOK NUMBER / ISBN
International Standard Book Number 978-0071232135
Price Rs.475.00
040 ## - CATALOGING SOURCE
Original cataloging agency SEACOMEC
041 ## - LANGUAGE CODE
Language code English
082 ## - DEWEY DECIMAL CLASSIFICATION NUMBER
Classification number 541
Book Number L665
100 ## - MAIN ENTRY--PERSONAL NAME
Personal name Levine, Ira N.
245 ## - TITLE STATEMENT
Title Physical Chemistry
Statement of responsibility Ira N. Levine
260 ## - IMPRINT
Place of publication New Delhi
Name of publisher McGraw-Hill Higher Education
Date of publication 2005
300 ## - PHYSICAL DESCRIPTION
Page / Vol. No 976p
Dimensions 23cm
650 ## - SUBJECT ADDED ENTRY--TOPICAL TERM
Topical term Physical Chemistry
942 ## - ADDED ENTRY ELEMENTS (KOHA)
Koha item type Books
Holdings
Withdrawn status Lost status Source of classification Damaged status Not for loan Home library Current library Date acquired Total Checkouts Call number Accession number Date last seen Price effective from Koha item type Copy number
    Dewey Decimal Classification     SEACOM ENGINEERING COLLEGE SEACOM ENGINEERING COLLEGE 22/03/2024   541 L665 4220 22/03/2024 22/03/2024 Books  
    Dewey Decimal Classification     SEACOM ENGINEERING COLLEGE SEACOM ENGINEERING COLLEGE 22/03/2024   541 L665 4221 22/03/2024 22/03/2024 Books 1
    Dewey Decimal Classification     SEACOM ENGINEERING COLLEGE SEACOM ENGINEERING COLLEGE 22/03/2024   541 L665 4222 22/03/2024 22/03/2024 Books 2
    Dewey Decimal Classification     SEACOM ENGINEERING COLLEGE SEACOM ENGINEERING COLLEGE 22/03/2024   541 L665 4223 22/03/2024 22/03/2024 Books 3
    Dewey Decimal Classification     SEACOM ENGINEERING COLLEGE SEACOM ENGINEERING COLLEGE 22/03/2024   541 L665 4224 22/03/2024 22/03/2024 Books 4
© Seacom Engineering College, All rights reserved.      Powered by Koha